| 000 | 00999nas a2200265 4500 | ||
|---|---|---|---|
| 001 | BR7904672 | ||
| 003 | BR-BrBNA | ||
| 005 | 20231205083840.0 | ||
| 007 | ta | ||
| 008 | 230509b bl.|||p| |||| 00| 00por d | ||
| 040 |
_aBR-BrBNA _bpor _cBiblioteca Nacional de Agricultura |
||
| 041 | _a(Pt) | ||
| 072 | _aL40 | ||
| 100 | 1 | _aCruz-Landim, C. da | |
| 100 | 1 | _aCruz-Hofling, M.A. da | |
| 245 | 1 | _aDiferencas ultra-estruturais entre bexigas natatorias de peixes teleosteos de respiracao aquatica e respiracao aeria facultativa [Jeju; Aruana] | |
| 246 | 1 | _a[The ultrastructural differences between the swimbladder of two teleostean fishes: the jeju, a facultative air Breathing fish and the aruana exclusively water breathing] | |
| 650 | _aEstrutura animal | ||
| 650 | _aAruana | ||
| 650 | _aJeju | ||
| 650 | _aHistologia | ||
| 773 | 0 |
_tActa Amazonica (Brazil) _xISSN 0044-5967 _g(Jun 1979), v. 9(2) p. 317-323 _wBR7904672 |
|
| 909 |
_a202311 _bLúcia _c55 _dLúcia Elande |
||
| 942 |
_2AGRIS _n0 _cANA |
||
| 999 |
_c101573 _d101573 |
||